Glass houses and modern war (Record no. 552438)

000 -LEADER
fixed length control field 00371nam a22001337a 4500
082 ## - DEWEY DECIMAL CLASSIFICATION NUMBER
Classification number 355.4
Author Mark GRI
-- D
100 ## - MAIN ENTRY--PERSONAL NAME
Personal name Glass houses and modern war
9 (RLIN) 49647
245 ## - TITLE STATEMENT
Title Glass houses and modern war
Remainder of title Griffin, jonathan
260 ## - PUBLICATION, DISTRIBUTION, ETC.
Place of publication, distribution, etc. London
Name of publisher, distributor, etc. Chatto and windus
Date of publication, distribution, etc. 1938
300 ## - PHYSICAL DESCRIPTION
Extent 186 pag
526 ## - STUDY PROGRAM INFORMATION NOTE
Program name 0
Interest level 0
Reading level 0
Title point value 355_400000000000000_GRI
650 ## - SUBJECT ADDED ENTRY--TOPICAL TERM
Topical term or geographic name entry element MCE
9 (RLIN) 379
942 ## - ADDED ENTRY ELEMENTS (KOHA)
Source of classification or shelving scheme
Koha item type Book
Holdings
Withdrawn status Lost status Source of classification or shelving scheme Damaged status Not for loan Permanent Location Current Location Shelving location Date acquired Total Checkouts Full call number Barcode Date last seen Price effective from Koha item type
          Military College of Engineering (MCE) Military College of Engineering (MCE)   01/15/2015   355.4 GRI MCE-ECG/69 01/15/2015 01/15/2015 Book
© 2023 Central Library, National University of Sciences and Technology. All Rights Reserved.